=LDR 00000nam 2200000 4500 =001 INLIS000000000028748 =005 20130612131031 =008 ***********************************Ind** =035 ##$$0010-061300000028748 =041 ##$$a Ind =082 ##$$a 305.4 =090 ##$$a 305.4, Kar k =100 ##$$a Karimi, Muihammad Ali =245 ##$$a Kisah-kisah wanita, Muhammad Ali Karimi ; penerjemah, Ibn Alwi Bafaqih ; penyunting, Dede Azwar Nurmansyah =260 ##$$a 2007 $b Jakarta =300 ##$$a xviii, 527 hlm, 18 cm =650 ##$$a Wanita =700 ##$$a Alwi =850 ##$$a NBPNMAT